[Event "ISR-chT 2020"]
[Site "Israel"]
[Date "2020.02.14"]
[Round "7.1"]
[White "Dvoirys, Semen I."]
[Black "Nabaty, Tamir"]
[Result "1-0"]
[WhiteElo "2466"]
[BlackElo "2644"]
[Annotator "TA"]
[PlyCount "87"]
[EventDate "2020.01.10"]
[EventType "team-tourn"]
[EventCountry "ISR"]
[SourceTitle "playchess.com"]
[Source "ChessBase"]
[SourceQuality "1"]

{[%evp 9,87,42,48,33,41,45,47,22,29,26,72,73,61,70,59,39,43,48,78,82,112,125,127,121,116,111,114,98,114,118,112,109,115,106,122,103,120,68,66,83,195,123,119,128,120,120,163,118,127,144,135,151,159,150,148,143,151,147,147,147,151,133,170,171,169,82,81,73,74,74,176,167,637,631,647,215,635,625,654,649]} 1. e4 e5 2. Nf3 Nc6 3. Bb5 a6 4. Ba4 Bc5 5. c3 Nge7 6. d4 {C70: Ruy Lopez: 3...a6 4 Ba4, Norwegian and Delayed Schliemann.} exd4 7. cxd4 Bb4+ 8. Nc3 {White is slightly better.} d5 9. O-O {[#]} Bxc3 $146 ({Predecessor:} 9... dxe4 10. Nxe4 O-O 11. a3 Bd6 12. h3 Bf5 13. Re1 Bg6 14. Bg5 f6 15. Bd2 Bf7 {1-0 (58) Nijboer,F (2571)-Heberla,B (2487) Kusadasi 2006}) 10. bxc3 dxe4 11. Ng5 Bf5 12. Re1 O-O 13. Nxe4 b5 14. Bb3 Na5 15. Ba3 {Ng3 is the strong threat.} Re8 16. Bxf7+ $1 Kxf7 17. Qf3 $1 Nac6 {[#] White must now prevent ...Kg8.} 18. g4 $1 {[%cal Rg4f5][%mdl 64] Pin} Qd5 19. Bxe7 $1 ({Of course not} 19. gxf5 $6 Qxf5 20. Ng5+ Kg8 $11) 19... Nxe7 20. gxf5 {aiming for Ng5+.} Kg8 21. f6 Rf8 22. Qg2 {[%csl Gf6][%cal Rg2g7]} Ng6 23. fxg7 (23. a4 $16) 23... Kxg7 $14 24. Nc5 Qh5 (24... Qxg2+ $16 25. Kxg2 Nf4+ 26. Kf1 Kh8) 25. Re5 (25. Ne6+ $18 Kh8 26. Re5 (26. Nxf8 Rxf8 27. Kf1 b4 $18)) 25... Qf3 $16 26. Qxf3 Rxf3 {[#]} 27. Re3 $1 {[%cal Re3f3]} Rf5 28. Rae1 Kf7 29. Re6 a5 30. Rc6 Ra7 31. Na6 b4 32. cxb4 axb4 33. Nxb4 Rf4 34. Rd1 Ne7 35. Rc5 Kf8 36. Rd3 Nf5 37. h3 (37. Nd5 $18 {has better winning chances.} Rg4+ 38. Kf1 Rxa2 39. Nxc7 {[%mdl 64] Discovered Attack} (39. Rxc7 $2 Ra1+ 40. Ke2 Nxd4+ 41. Rxd4 Rxd4 $17)) 37... Nxd4 38. Nd5 Nf3+ 39. Kf1 Rf5 (39... Rf7 $16 {might work better.}) 40. Nxc7 $18 Rf7 $2 ({Wrong is} 40... Nh2+ $2 41. Kg2 $18) (40... Rf6 41. Nd5 Rf5) 41. Ne6+ Ke8 42. Rc8+ Ke7 43. Nd8 Ne5 44. Re3 {Accuracy: White = 85%, Black = 66%.} 1-0

[Event "ISR-chT 2020"]
[Site "Israel"]
[Date "2020.02.14"]
[Round "7.2"]
[White "Givon, Asaf"]
[Black "Khmelniker, Ilya"]
[Result "1/2-1/2"]
[WhiteElo "2474"]
[BlackElo "2481"]
[Annotator "TA"]
[PlyCount "61"]
[EventDate "2020.01.10"]
[EventType "team-tourn"]
[EventCountry "ISR"]
[SourceTitle "playchess.com"]
[Source "ChessBase"]
[SourceQuality "1"]

{[%evp 18,48,32,28,64,61,50,41,32,44,24,42,27,0,0,0,0,0,0,0,0,0,0,0,0,0,0,0,0,0,0,0,0]} 1. e4 e5 2. Nf3 Nc6 3. Bb5 a6 4. Ba4 Nf6 5. O-O Nxe4 6. d4 b5 7. Bb3 d5 8. dxe5 Be6 9. Nbd2 Nc5 10. c3 Bf5 {C80: Open Ruy Lopez: Sidelines and 9 Nbd2.} 11. a4 {axb5 is the strong threat.} b4 12. Bc2 Bxc2 {White is slightly better.} 13. Qxc2 d4 14. cxd4 Nxd4 15. Nxd4 Qxd4 {The position is equal.} 16. Nc4 b3 17. Qe2 Qd3 18. Qxd3 Nxd3 19. Rd1 O-O-O $1 20. Be3 Bb4 21. Nd6+ Bxd6 22. Rxd3 Bxe5 23. Rxb3 Rd5 24. Kf1 Rhd8 {[#] Accuracy: White = 92%, Black = 91%.} ({Don't blunder} 24... Bxh2 $2 25. g3 $18) {Predecessor:} 25. Ke2 $146 f5 26. g3 R8d6 27. Rc1 Re6 28. Rb4 g6 29. Rbc4 Kd7 30. R1c2 g5 31. Kf3 {½-½ (54) Jones,R (2405)-Talsma,P (2193) England 2015} 1/2-1/2

[Event "ISR-chT 2020"]
[Site "Israel"]
[Date "2020.02.14"]
[Round "7.3"]
[White "Vydeslaver, Alik"]
[Black "Rozentalis, Eduardas"]
[Result "0-1"]
[WhiteElo "2385"]
[BlackElo "2531"]
[Annotator "TA"]
[PlyCount "104"]
[EventDate "2020.01.10"]
[EventType "team-tourn"]
[EventCountry "ISR"]
[SourceTitle "playchess.com"]
[Source "ChessBase"]
[SourceQuality "1"]

{[%evp 9,104,-12,-18,-16,-11,-9,-4,-14,-3,-17,-12,-16,-9,-9,-12,-17,-2,-10,-7,-36,-14,-12,-19,-23,0,0,0,0,0,6,13,0,0,-8,0,0,0,-10,-13,-8,-14,-31,-13,-56,-52,-59,-56,-65,-65,-67,-68,-68,-80,-71,-70,-64,-48,-97,-104,-89,-93,-100,-96,-122,-125,-118,-117,-122,-113,-116,-99,-87,-96,-125,-125,-120,-125,-179,-178,-182,-173,-198,-192,-195,-181,-175,-175,-166,-120,-198,-188,-355,-350,-432,-433,-427,-412]} 1. b3 e5 2. Bb2 d6 3. e3 Nf6 4. d4 exd4 5. Bxd4 g6 6. Nf3 {A01: Nimzowitsch-Larsen Opening.} Bg7 7. Be2 O-O 8. O-O {[#] The position is equal.} b6 $146 ({Predecessor:} 8... c5 9. Bb2 Nc6 10. c4 Be6 11. Nbd2 Re8 12. Rc1 Qe7 13. Bd3 Rad8 14. Qe2 Bc8 {0-1 (44) Cretnik,U (2142)-Kerigan,D (2311) Nova Gorica 2015}) 9. Nbd2 Nc6 10. Bb2 Bb7 11. c4 Qe7 12. Qc1 Rfe8 13. Bc3 Ne5 14. h3 Ne4 15. Nxe4 Bxe4 16. Nxe5 dxe5 17. Rd1 h5 18. Qb2 Qg5 {[%csl Ge4][%cal Rg5g2]} 19. Bf1 Rad8 20. Qe2 Bf5 21. Kh2 Qh4 22. g3 Qe7 23. Bg2 e4 $36 {[%mdl 2048] Black has some pressure.} 24. Bxg7 Kxg7 25. Qb2+ Qf6 26. Qxf6+ (26. Qc2 {feels hotter.} Qe5 27. Kg1 Rd3 28. Bf1 Red8 29. Rab1) 26... Kxf6 27. Kg1 Ke5 28. Kf1 g5 29. Ke2 h4 30. g4 Be6 31. f3 exf3+ 32. Bxf3 f5 33. gxf5 Bxf5 34. Rxd8 Rxd8 $15 {[%mdl 4096] Endgame KRB-KRB} 35. Rg1 Kf6 ({Stronger than} 35... Bxh3 36. Rxg5+ Kd6 37. Rd5+ Ke7 38. Rh5 $16) 36. Bg4 {And now Rf1 would win.} Bd3+ 37. Ke1 a5 38. Rg2 Bg6 39. Be2 Be4 40. Rf2+ Ke7 41. Bd1 {[#]} Rf8 $1 42. Rd2 Bf5 43. Rg2 (43. Rh2 $17) 43... Bxh3 $19 44. Rxg5 Rf1+ 45. Kd2 {[#]} Be6 $1 46. Rg7+ Rf7 47. Rg1 h3 48. Ke1 Kd6 49. Be2 (49. Rg6 $17 Ke5 50. Rg5+ Bf5 51. Bf3) 49... Ke5 50. Rg6 $2 (50. Rg5+ Ke4 51. c5) 50... Bf5 51. Rg8 h2 52. Bf3 Bh3 {Accuracy: White = 78%, Black = 97%.} 0-1

[Event "ISR-chT 2020"]
[Site "Israel"]
[Date "2020.02.14"]
[Round "7.4"]
[White "Mindlin, Alon"]
[Black "Sidorenko, Ilya"]
[Result "1/2-1/2"]
[WhiteElo "2432"]
[BlackElo "2400"]
[Annotator "TA"]
[PlyCount "148"]
[EventDate "2020.01.10"]
[EventType "team-tourn"]
[EventCountry "ISR"]
[SourceTitle "playchess.com"]
[Source "ChessBase"]
[SourceQuality "1"]

{[%evp 17,148,-10,38,16,12,0,0,0,2,0,6,4,13,10,10,9,10,0,0,-64,0,0,0,0,1,8,72,85,70,81,75,77,145,143,131,135,138,49,81,88,91,83,102,75,133,143,142,56,49,54,44,63,116,49,77,18,15,11,11,-4,-5,-20,-15,-8,-2,-8,-57,-42,0,0,0,-11,-11,-11,-11,-12,-12,-8,-8,-8,0,0,0,0,0,-8,-8,-8,-8,-8,0,0,0,0,0,0,0,0,0,0,0,0,0,0,0,0,0,0,0,0,0,0,0,0,0,0,0,0,0,0,0,0,0,0,0,0,8,0,0,0,8,0,0]} 1. d4 Nf6 2. c4 g6 3. Nc3 d5 4. cxd5 Nxd5 5. g3 Bg7 6. Bg2 Nb6 7. Nf3 Nc6 8. O-O O-O 9. Bf4 Be6 10. Qc1 {D76: Fianchetto Grünfeld: Main Line with 7...Nb6.} Nxd4 11. Rd1 {Strongly threatening Nxd4.} Nxf3+ 12. Bxf3 Qc8 13. Nb5 Nc4 14. Rb1 Ne5 15. Nxc7 Bxa2 {[#]} (15... Nxf3+ 16. exf3 Bf5 17. Ra1 $16 (17. Nxa8 Bxb1 18. Qxb1 Qxa8 $14)) 16. Ra1 $146 ({Predecessor:} 16. Bxe5 Bxe5 17. Nxa8 Bxb1 18. Qxb1 Qxa8 19. Rd7 Qe8 20. Rxb7 a5 21. Qa2 Qd8 22. Rb5 {½-½ (51) Hausner,I (2430)-Langner,L (2369) Czechia 2011}) 16... Bb3 $1 (16... Nxf3+ $6 17. exf3 Be6 18. Nxa8 $16) 17. Re1 Rb8 18. Ra5 {[#]} (18. Rxa7 $11 Nxf3+ 19. exf3) 18... Nxf3+ (18... Nc6 $1 $15 {[%mdl 512]} 19. Bxc6 bxc6 20. Qxc6 Rd8) 19. exf3 $11 Qd7 20. Qe3 Bc4 21. b3 {[#]} Bd4 (21... e5 $1 $11 {[%mdl 512]} 22. Bxe5 (22. bxc4 Qxc7 23. Rxe5 Bxe5 $11) 22... Bxe5 23. Rxe5 (23. Qxe5 Bxb3 24. Kg2 a6 $15) 23... Qxc7) 22. Qd2 $1 $16 Bxb3 {[#]} 23. Nd5 $1 {[%mdl 576] Discovered Attack} Bxd5 24. Qxd4 {[%mdl 64] Double Attack} Rbd8 (24... e6 $142) 25. Bh6 {[%csl Gh6][%cal Rd4g7]} f6 26. Bxf8 Kxf8 27. Qe3 ({Don't play} 27. Rxa7 $6 Bxf3 28. Qxd7 Rxd7 $11) (27. Rd1 $1 $16 Be6 28. Qxd7 Rxd7 29. Rxd7 Bxd7 30. Rxa7) 27... e6 28. Rxa7 Kg7 29. h4 h6 30. Rc1 Re8 ({Black should play} 30... Bc6) 31. Qb6 {aiming for Rc7!} Rc8 32. Rd1 (32. Rxc8 $16 {White threatens Rc7! and mate.} Qxc8 33. Qd6) 32... Qc6 $14 33. Qb4 Rc7 34. Ra8 {Intending Qf8+ and mate.} Rf7 {[#]} (34... Qc5 $1 $14 35. Qxc5 Rxc5) 35. Kh2 (35. Qa3 $1 $16 {And now Rc1 would win.} b5 36. Ra7) 35... Qc2 {[#]} 36. Rd2 ({Better is} 36. Qb6 $1 $16 {[%cal Rb6d8] Qd8! would kill now.} g5 37. Rf1) 36... Qf5 $11 37. f4 g5 $1 38. Qc5 {Hoping for Qc8!} gxh4 39. Ra3 Qe4 {[%csl Gd5][%cal Re4h1]} 40. f3 $1 $132 {[%cal Rf3e4][%mdl 2048] White is not holding back} hxg3+ 41. Kxg3 Qe1+ 42. Qf2 Qxf2+ (42... Qh1 {seems wilder.} 43. Qg2 Qc1 44. Rb2 b5 45. Qc2 Qxc2 46. Rxc2 b4) 43. Kxf2 $15 {[%mdl 4096] Endgame KRR-KRB. The position is equal.} Kg6 44. Ra1 Rc7 45. Rd3 Rc2+ 46. Kg3 Rb2 47. Ra8 b5 48. Rg8+ Kf7 49. Rh8 Kg7 50. Rb8 {With the idea f5!} Kg6 51. Rg8+ Kf5 52. Rh8 b4 53. Rxh6 b3 54. Rd1 {Threatens to win with Rdh1.} Re2 $1 55. Rdh1 {[%cal Rh1h5]} e5 56. fxe5 Kxe5 {Threatening ...Re3.} 57. Rh8 Rd2 58. R1h4 Rd3 59. Re8+ Kd6 60. Rb4 Rxf3+ 61. Kg4 Kc5 62. Rbb8 f5+ 63. Kg5 Be4 64. Rec8+ Kd4 65. Rb4+ Ke5 66. Rb5+ Kd4 67. Rb4+ Ke5 68. Rb5+ Ke6 69. Rcb8 Bd5 70. Re8+ Kd7 71. Reb8 Kc7 72. Rf8 Be4 73. Rfb8 Bd5 74. Rf8 Kc6 {Accuracy: White = 85%, Black = 85%.} 1/2-1/2

[Event "ISR-chT 2020"]
[Site "Israel"]
[Date "2020.02.14"]
[Round "7.5"]
[White "Klenburg, Michael"]
[Black "Gorshtein, Ido"]
[Result "1-0"]
[WhiteElo "2357"]
[BlackElo "2372"]
[Annotator "TA"]
[PlyCount "115"]
[EventDate "2020.01.10"]
[EventType "team-tourn"]
[EventCountry "ISR"]
[SourceTitle "playchess.com"]
[Source "ChessBase"]
[SourceQuality "1"]

{[%evp 21,115,0,8,-18,0,-16,37,29,85,6,17,-18,-17,-81,-75,-60,-45,-84,-41,-33,-24,-24,-31,-85,-71,-73,-51,-105,-103,-149,-141,-145,-132,-135,-108,-136,-137,-132,-116,-118,-71,-71,-47,-82,-68,-69,-52,-95,-47,-57,-15,-79,0,0,0,0,0,0,0,-10,0,0,23,24,217,162,160,16,348,338,341,290,599,443,812,521,617,588,693,674,759,748,731,566,566,534,482,388,361,353,5629,5625,5607,5600,5202,585]} 1. g3 f5 2. Bg2 Nf6 3. Nf3 g6 4. O-O Bg7 5. c4 O-O 6. Nc3 d6 7. d3 e5 8. Rb1 Nc6 9. b4 h6 10. b5 Ne7 11. Nd2 g5 12. Ba3 {[#] A26: English Opening vs King's Indian with ...Nc6 and d3.} Rf7 $146 ({Predecessor:} 12... Kh8 13. c5 d5 14. c6 bxc6 15. bxc6 Re8 16. Bxe7 Rxe7 17. Qc2 Be6 18. e3 Qe8 19. Rfc1 Rd8 {0-1 (50) Johansen,D (2375)-Smirnov,A (2504) Ballarat 2017}) 13. e3 Kh8 ({Black should try} 13... g4 $11) 14. Qb3 {White is slightly better.} Rb8 (14... a6 $11) 15. e4 ({Better is} 15. c5 $16 d5 16. Nf3) 15... Be6 16. Nd5 f4 17. Qa4 (17. gxf4 $11 gxf4 18. d4) 17... Ra8 18. Qd1 Qd7 19. d4 Ng6 20. dxe5 dxe5 21. Nb3 b6 22. Qc2 (22. Bb2 $15) 22... Bh3 $17 23. f3 Bxg2 24. Nxf6 ({White should play} 24. Qxg2 $15 a6 25. Rbd1 Nxd5 26. Rxd5) 24... Rxf6 25. Qxg2 {[#]} a6 $1 {[%cal Ra6b5]} 26. bxa6 Rxa6 27. Bb4 c5 28. Bc3 Qd3 29. Rbc1 fxg3 30. hxg3 Qe3+ 31. Kh2 g4 {[%cal Rg4f3]} 32. Bd2 Qd3 {[%cal Rg4f3]} 33. Rc3 Qd7 34. Bc1 h5 35. a3 Qf7 36. Nd2 (36. Kg1 $11 {keeps the balance.}) 36... Bh6 (36... Ne7 $17 37. fxg4 hxg4 38. Rxf6 Bxf6) 37. fxg4 $1 $11 hxg4 {And now ...Bxd2 would win.} 38. Rxf6 Qxf6 39. Qe2 Ra7 40. Kg2 Rf7 {...Nf8 is the strong threat.} 41. Nf1 $1 Bxc1 42. Rxc1 Nf4+ $2 (42... Qf3+ $11 {and Black is okay.} 43. Qxf3 Rxf3) 43. gxf4 $18 exf4 {[#]} 44. Kg1 ({White must play} 44. Qd2 $1 $16) 44... Rh7 $2 {[%mdl 8192]} (44... f3 $1 $11 45. Qf2 g3 46. Nxg3 Rg7 47. Qh2+ Rh7) 45. Rd1 Qh4 {Threatens to win with ...Qh1+.} 46. Qg2 g3 $2 (46... f3 47. Qg3 Qxg3+ 48. Nxg3 Ra7) 47. Rd5 Qg4 (47... Kg8 $142 48. Rd6 Qg5) 48. Rf5 Qd1 49. Qb2+ {[%mdl 64] Double Attack} Kg8 {( -> ...Rh1+!)} 50. Rxf4 g2 51. Kxg2 Qh5 52. Qf6 {[%csl Gf4][%cal Rf6f8]} Qe2+ 53. Rf2 {[%csl Gf2][%cal Rf6f8]} Qxe4+ 54. Qf3 ({Not} 54. Kg3 $2 Rg7+ 55. Qxg7+ Kxg7 $19) 54... Rg7+ 55. Ng3 Qxc4 $2 (55... Qxf3+ 56. Kxf3 Rf7+ 57. Ke3 Ra7) 56. Qf8+ {White is clearly winning.} Kh7 57. Qf5+ Kg8 58. Rd2 {Accuracy: White = 55%, Black = 50%.} (58. Rf4 $142 Qe2+ 59. Kh3) 1-0

[Event "ISR-chT 2020"]
[Site "Israel"]
[Date "2020.02.14"]
[Round "7.6"]
[White "Ben Artzi, Ido"]
[Black "Iliaguev, Nisim"]
[Result "1/2-1/2"]
[WhiteElo "2388"]
[BlackElo "2289"]
[Annotator "TA"]
[PlyCount "76"]
[EventDate "2020.01.10"]
[EventType "team-tourn"]
[EventCountry "ISR"]
[SourceTitle "playchess.com"]
[Source "ChessBase"]
[SourceQuality "1"]

{[%evp 21,76,33,31,11,14,14,28,25,43,38,62,0,0,-8,-6,-14,-14,-15,4,5,6,8,5,0,8,0,20,8,12,14,21,10,13,-45,-15,-15,-12,-12,-12,-14,-14,-8,-9,-9,-8,-10,-11,-10,-11,-23,0,0,0,0,0,0,0]} 1. d4 Nf6 2. c4 e6 3. Nc3 Bb4 4. e3 O-O 5. Bd3 d5 6. Nf3 b6 7. O-O dxc4 8. Bxc4 Bb7 9. a3 Bxc3 10. bxc3 Nbd7 11. Qe2 c5 12. Bd3 {E55: Nimzo-Indian: Rubinstein: Main Line: 7...dxc4 8 Bxc4 Nbd7.} Be4 13. Ba6 Qc7 14. Nd2 {White has an edge.} Bg6 15. Bb2 {[#]} e5 $146 ({Predecessor:} 15... Rab8 16. Bd3 Bxd3 17. Qxd3 Rfd8 18. e4 Ne5 19. Qg3 Ne8 20. f4 Ng6 21. Rac1 c4 {1-0 (34) Meza,A (2088)-Osinaga,E (1620) Montevideo 2018}) 16. e4 ({White should play} 16. a4 $14) 16... cxd4 $11 17. cxd4 {aiming for Rac1.} Qc2 18. dxe5 {Threatens to win with Qd1.} Qxb2 19. exf6 Nxf6 20. f3 Nd7 21. Qe3 Nc5 22. Bc4 Rad8 23. Bd5 Kh8 24. Nc4 Qf6 25. Rad1 Rfe8 26. e5 Qe7 {...Bd3! is the strong threat.} 27. Kh1 ({White should try} 27. Bc6 $11 Rf8 28. Nd6) 27... Bc2 28. Rd2 Bb3 {Strongly threatening ...Rxd5!} 29. Qc3 $1 Bxc4 30. Bxc4 Rxd2 31. Qxd2 Qxe5 32. Bxf7 {[#]} Qe2 $1 {[%cal Re2f1][%mdl 512]} 33. Qd1 {[#]} Nd3 $1 {[%mdl 512] ( -> ...Nf2+)} 34. Qxe2 Rxe2 35. Kg1 Nf4 36. g3 {The position is equal.} Nh3+ 37. Kh1 g6 38. Rc1 Nf2+ {Accuracy: White = 91%, Black = 95%.} 1/2-1/2

[Event "ISR-chT 2020"]
[Site "Israel"]
[Date "2020.02.14"]
[Round "7.7"]
[White "Emanuel, Yahav"]
[Black "Lomasov, Semyon"]
[Result "0-1"]
[WhiteElo "2356"]
[BlackElo "2546"]
[Annotator "TA"]
[PlyCount "38"]
[EventDate "2020.01.10"]
[EventType "team-tourn"]
[EventCountry "ISR"]
[SourceTitle "playchess.com"]
[Source "ChessBase"]
[SourceQuality "1"]

{[%evp 14,44,0,0,2,-8,0,-10,-12,-37,0,-72,-79,-166,-156,-174,-149,-200,-200,-189,-193,-188,-196,-284,-235,-278,-262,-333,-333,-902,-896,-772,-729]} 1. e4 e6 2. d4 d5 3. Nc3 Bb4 4. e5 c5 5. Bd2 Ne7 6. a3 Bxc3 7. Bxc3 b6 8. b4 Qc7 {C17: French: 3 Nc3 Bb4 4 e5 c5 sidelines.} 9. Nf3 cxb4 10. Bxb4 Ba6 {[#] The position is equal.} 11. Nd2 $146 ({Predecessor:} 11. Bd3 Bxd3 12. cxd3 Nbc6 13. Rc1 Qd7 14. O-O Nxb4 15. axb4 O-O 16. Qd2 Rfc8 17. Ra1 {½-½ (17) Linares Napoles,O (2266)-Ramirez Gonzalez,M (2214) Santa Clara 2019}) 11... Nf5 12. Bxa6 (12. c4 $11 {remains equal.}) 12... Nxa6 $17 13. Nb3 (13. Nb1 $17) 13... Qc4 $19 14. Qd2 Rc8 15. Ra2 (15. Qd3 $17 {is a better defense.}) 15... Nb8 16. g4 Nh4 {[#] White must now prevent ...Nf3+.} 17. Kd1 Nc6 18. Qe3 (18. Qd3 $142) 18... a5 ({Much less strong is} 18... Nxb4 19. axb4 Rc7 20. h3 $19) 19. Bc3 {[#]} h5 {Played: Nc6xe5} 0-1

[Event "ISR-chT 2020"]
[Site "Israel"]
[Date "2020.02.14"]
[Round "7.8"]
[White "Zubov, Alexander"]
[Black "Lev, Ronen"]
[Result "1/2-1/2"]
[WhiteElo "2601"]
[BlackElo "2342"]
[Annotator "TA"]
[PlyCount "31"]
[EventDate "2020.01.10"]
[EventType "team-tourn"]
[EventCountry "ISR"]
[SourceTitle "playchess.com"]
[Source "ChessBase"]
[SourceQuality "1"]

{[%evp 12,31,23,30,26,22,34,19,54,12,10,0,14,-78,-63,-62,-70,-67,-59,-51,-51,-63]} 1. e4 e5 2. Nf3 Nc6 3. Bb5 a6 4. Ba4 Nf6 5. d3 b5 6. Bb3 Bc5 7. Nc3 h6 {C77: Ruy Lopez: 3...a6 4 Ba4 Nf6, unusual lines.} 8. Nd5 O-O 9. c3 {[#]} Re8 $146 {The position is equal.} ({Predecessor:} 9... d6 10. Nxf6+ Qxf6 11. Bd5 Bd7 12. Rg1 h5 13. h3 Rae8 14. g4 hxg4 15. hxg4 Ne7 {1-0 (32) Ganguly,S (2633)-Smith,A (2487) Astana 2019}) 10. Nxf6+ Qxf6 11. g4 {With the idea g5.} Na5 $1 12. Bc2 {[#]} (12. g5 $11 {remains equal.} hxg5 13. Bxg5) 12... d5 $1 $17 {[%mdl 512]} 13. Rg1 {Black is slightly better.} (13. exd5 Bxg4) 13... dxe4 14. dxe4 Qb6 15. Qe2 {Threatens to win with b4.} b4 16. g5 {Accuracy: White = 65%, Black = 87%.} 1/2-1/2

[Event "ISR-chT 2020"]
[Site "Israel"]
[Date "2020.02.14"]
[Round "7.9"]
[White "Ben-Menachem, Itzhak"]
[Black "Flom, Gabriel"]
[Result "1/2-1/2"]
[WhiteElo "2316"]
[BlackElo "2510"]
[Annotator "TA"]
[PlyCount "116"]
[EventDate "2020.01.10"]
[EventType "team-tourn"]
[EventCountry "ISR"]
[SourceTitle "playchess.com"]
[Source "ChessBase"]
[SourceQuality "1"]

{[%evp 9,116,7,15,5,54,19,38,33,34,27,29,15,29,23,19,29,28,21,24,0,0,0,9,-10,0,0,7,2,7,1,17,-4,33,25,31,0,0,0,0,0,0,0,23,32,203,0,0,0,0,0,0,0,8,8,8,16,14,13,16,0,0,0,0,0,0,0,0,0,0,0,0,0,0,0,0,0,0,0,0,0,0,0,0,0,0,0,0,0,0,0,0,0,0,0,0,0,0,0,0,0,0,0,0,0,0,0,0,0,0]} 1. d4 Nf6 2. c4 e6 3. Nf3 c5 4. e3 b6 5. Be2 Bb7 6. O-O {E14: Queen's Indian: Classical Variation (4 e3).} d6 7. b3 Nbd7 8. Bb2 {White is slightly better.} Be7 9. Nc3 a6 10. dxc5 bxc5 11. Qc2 O-O 12. Rfd1 {[#]} h6 $146 ({Predecessor:} 12... Qc7 13. Rd2 Rfd8 14. Rad1 Nf8 15. Ng5 Ne8 16. Nf3 Nf6 17. Ne1 Rac8 18. Bf3 Ng6 {1-0 (79) Veleski,R (2241)-Dimitrovski,J (2227) Struga 2005}) 13. Nd2 Qc7 14. Nde4 Nxe4 15. Nxe4 f5 16. Nd2 {[%cal Be4d2,Bd2f1,Bf1e3,Be3c2][%mdl 32]} Bf6 17. Bf3 Bxb2 18. Qxb2 Ne5 19. Bxb7 Qxb7 20. Nf1 f4 21. exf4 Rxf4 22. Ne3 Qe7 23. Qd2 Rd4 24. Qe2 Qg5 25. Nc2 Rg4 26. f3 Rh4 $2 ({Black should play} 26... Rf4 $14) 27. g3 $2 (27. Rxd6 $18 Rf8 28. Rf1) 27... Rf8 $11 {The position is equal.} 28. Rf1 Rhf4 $1 {[%cal Re5f3]} 29. Ne1 Rd4 {[#] Threatens to win with ...Rd2.} 30. Rd1 Rxd1 31. Qxd1 Qe3+ 32. Kg2 Rd8 33. Rf2 Nc6 34. Rd2 Qe5 35. Nc2 d5 36. f4 (36. Qf1 {keeps more tension.} a5 37. cxd5 exd5 38. Qb5 Qc3 39. Re2) 36... Qe4+ 37. Qf3 Qxf3+ 38. Kxf3 {[%mdl 4096] Endgame KRN-KRN} Kf7 39. Ne3 {[%cal Rc4d5]} Nd4+ 40. Kf2 a5 41. f5 exf5 42. Nxd5 g5 43. Nc3 {White wants to play Na4.} Ke6 44. Rd1 Kd6 45. Nb5+ Kc6 46. Nxd4+ Rxd4 47. Rxd4 cxd4 {KP-KP} 48. Ke2 f4 49. gxf4 gxf4 50. Kd3 f3 51. a3 $1 Kc5 52. h3 $1 h5 {aiming for ...h4.} 53. h4 Kd6 (53... f2 $5 54. Ke2 $8 a4 55. bxa4 Kxc4 56. Kxf2 Kc3 $11) 54. b4 $1 a4 55. Kd2 Ke5 {( -> ...Ke4)} 56. b5 $1 Kd6 57. b6 Kc6 {[#]} 58. c5 $1 {[%mdl 512]} Kb7 {Accuracy: White = 93%, Black = 90%.} (58... Kxc5 59. b7) 1/2-1/2

[Event "ISR-chT 2020"]
[Site "Israel"]
[Date "2020.02.14"]
[Round "7.10"]
[White "Bykhovsky, Avigdor"]
[Black "Erenberg, Shlomy"]
[Result "1-0"]
[WhiteElo "2403"]
[BlackElo "2145"]
[Annotator "TA"]
[PlyCount "41"]
[EventDate "2020.01.10"]
[EventType "team-tourn"]
[EventCountry "ISR"]
[SourceTitle "playchess.com"]
[Source "ChessBase"]
[SourceQuality "1"]

{[%evp 24,41,6,3,7,14,19,1,74,89,76,83,439,440,433,436,398,412,508,509]} 1. d4 Nf6 2. c4 e6 3. Nf3 d5 4. g3 Be7 5. Bg2 O-O 6. O-O c6 7. Qc2 Nbd7 8. Nbd2 b6 9. b3 Bb7 10. Bb2 Rc8 11. e4 c5 12. exd5 exd5 13. dxc5 dxc4 {E09: Closed Catalan: Main Line: 7 Qc2 c6 8 Nbd2.} 14. Nxc4 Bxc5 15. Rad1 {[#] Threatens to win with Ng5.} Bxf3 $146 (15... Qc7 $11 {keeps the balance.}) ({Predecessor:} 15... Qc7 16. Qb1 Rfe8 17. Bd4 Ne4 18. Qa1 Ndf6 19. Qb2 Rcd8 20. Rfe1 Ng4 21. Re2 Nexf2 22. Rxf2 Nxf2 23. Qxf2 Bxf3 24. Bxf3 Rxd4 25. Rxd4 {0-1 (37) Chashchev,S (2377)-Veselov,A (2105) St Petersburg 2015}) 16. Bxf3 $16 {Hoping for Bxf6.} b5 17. Ne5 {Nxd7 is the strong threat.} Qc7 $2 {[%mdl 8192]} (17... Bd4 $16 {is a better chance.} 18. Qe2 Bxe5 19. Bxe5 Qa5) 18. Nxd7 $18 Nxd7 19. Bg4 Rfd8 20. Qf5 g6 21. Qg5 1-0

[Event "ISR-chT 2020"]
[Site "Israel"]
[Date "2020.02.14"]
[Round "7.11"]
[White "Klar, Nir"]
[Black "Tarnopolsky, Anatoly"]
[Result "1/2-1/2"]
[WhiteElo "2094"]
[BlackElo "2306"]
[Annotator "TA"]
[PlyCount "40"]
[EventDate "2020.01.10"]
[EventType "team-tourn"]
[EventCountry "ISR"]
[SourceTitle "playchess.com"]
[Source "ChessBase"]
[SourceQuality "1"]

{[%evp 10,27,-13,-22,-2,-15,0,0,0,-11,15,0,0,5,18,11,25,13,17,4]} 1. e4 e6 2. b3 d5 3. Bb2 dxe4 4. Nc3 Nf6 5. g4 h6 6. Bg2 Bd7 {C00: French: Unusual White 2nd moves.} (6... Be7 {looks sharper.} 7. Nxe4 O-O 8. Qf3 e5 9. h3 c5) 7. Nxe4 Nxe4 8. Bxe4 Bc6 9. Qe2 Qd7 10. Nf3 Bxe4 11. Qxe4 Nc6 12. O-O-O O-O-O 13. Rhe1 Qd5 14. Qxd5 {[#]} {Predecessor:} Rxd5 $146 15. d4 Bb4 16. c3 Be7 17. c4 Rd7 18. d5 exd5 19. cxd5 Nb4 20. a3 Na6 {1-0 (37) Koukoufikis,A (2158)-Karapanos,N (2243) Ikaros 2003} 1/2-1/2